| 000 | 00575nam a2200193 a 4500 | ||
|---|---|---|---|
| 005 | 20240925065113.0 | ||
| 008 | 991125s1981 bar 000 0 spa u | ||
| 020 | _a842541153X | ||
| 035 | _aUPN01000009961 | ||
| 049 | _aCG | ||
| 050 | 4 |
_aHM251 _bB4 no.8 |
|
| 100 | 1 | _aWellhôfer, Peter R. | |
| 245 | 1 | 0 |
_aCompendio de psicología social / _cPeter R. de Wellhôfer ; tr. Abelardo Martínez Lapera. |
| 260 |
_aBarcelona, Esp. : _bHerder, _c1981. |
||
| 300 | _a239 p. | ||
| 440 | 0 |
_aBiblioteca de psicosociología ; _v8 |
|
| 650 | 4 |
_aPsicología social _95889 |
|
| 905 | _aLibro | ||
| 999 |
_c9961 _d9961 |
||